| 000 | 00592 a2200217 4500 | ||
|---|---|---|---|
| 999 |
_c32153 _d32153 |
||
| 003 | OSt | ||
| 005 | 20260217130018.0 | ||
| 008 | 260217b ||||| |||| 00| 0 eng d | ||
| 020 | _a9789333223607 | ||
| 040 | _c. | ||
| 082 |
_a621.37 _bB169 |
||
| 100 |
_96581 _aBakshi, Uday A. |
||
| 245 |
_aElectrical Measurements / _cU.A. Bakshi and A.V. Bakshi |
||
| 250 | _a1st ed. | ||
| 260 |
_bTechnical Publication, _aPune : _c2020. |
||
| 300 | _a9-42 p. | ||
| 650 | 0 |
_911 _aElectrical Engineering |
|
| 650 | 0 |
_91526 _aElectric Measurements |
|
| 700 |
_96620 _aBakshi, Ajay V. |
||
| 942 |
_2ddc _cBK |
||